000 00627nam a2200181Ia 4500
005 20250508152830.0
008 008 250505s9999 xx 000 0 eng d
037 _aTextual
040 _aFEDL
_beng
_cFEDL
041 _aeng
_2eng
084 _a891.22, KAL
_qFEDL
100 _aKale M R Ed.
245 0 _aAbhijnanasakuntalam of Kalidasa: With the commentary of Raghavabhatta, various readings, introduction, literal translation, exhaustive notes and appendices
260 _aBombay, India
_bBooksellers' Publishing Co.
_c1961
300 _a197p.
942 _cTEXL
_h891.22, KAL
999 _c1339051
_d1339051